Politics, parties, and presure groups

שמור ב:
מידע ביבליוגרפי
מחבר ראשי: Key, V. O.
פורמט: ספר
שפה:Undetermined
יצא לאור: New York Thomas Y Crowell Company 1952
נושאים:
תגים: הוספת תג
אין תגיות, היה/י הראשונ/ה לתייג את הרשומה!
Thư viện lưu trữ: Trung tâm Học liệu Trường Đại học Cần Thơ
LEADER 00540nam a2200193Ia 4500
001 CTU_86542
008 210402s9999 xx 000 0 und d
082 |a 320.973 
082 |b K44 
100 |a Key, V. O. 
245 0 |a Politics, parties, and presure groups 
245 0 |c V. O. Key 
260 |a New York 
260 |b Thomas Y Crowell Company 
260 |c 1952 
650 |a Politics, practical,Political parties,Lobbying 
650 |z United states 
904 |i Mai Loan 
980 |a Trung tâm Học liệu Trường Đại học Cần Thơ